000 00581nam a2200229Ia 4500
003 OSt
005 20221005092016.0
006 a|||||r|||| 00| 0
007 ta
008 221004b |||||||| |||| 00| 0 eng d
024 _a76170
037 _cTextual
040 _aCRL
_cCRL
_beng
041 _2eng
_aeng
082 _aO111,3M65,KI, K6
245 0 _aKim Rudyard Kipling
260 _aNew York
_bPyramid Books USA
_c1966
300 _a317p.
_ccm.
650 _aENGLISH LITERATURE
942 _hO111,3M65,KI, K6
_cTEXL
_2cc
999 _c998150
_d998150